| 000 | 01307nam a2200217Ia 4500 | ||
|---|---|---|---|
| 003 | OSt | ||
| 005 | 20251211162430.0 | ||
| 008 | 210707s1983 xx 000 0 und d | ||
| 040 | _cAL | ||
| 041 | _aKannada | ||
| 082 | _aK894.1 GOVG | ||
| 100 |
_aGOVINDA PAI _dಗೋವಿಂದ ಪೈ _9248905 |
||
| 245 |
_aGolgotha mattu Vaishali. _bಗೊಲ್ಗೊಥಾ ಮತ್ತು ವೈಶಾಲಿ |
||
| 260 |
_aBangaluru _bVishva Kannada Sammelana _c1983 |
||
| 300 | _a96 p | ||
| 365 |
_b2 _cINR |
||
| 520 | _a'ಗೊಲ್ಗೊಥಾ ಮತ್ತು ವೈಶಾಲಿ' ಎಂಬುದು ರಾಷ್ಟ್ರಕವಿ ಮಂಜೇಶ್ವರ ಗೋವಿಂದ ಪೈ ಅವರು ರಚಿಸಿದ ಎರಡು ಶ್ರೇಷ್ಠ ಖಂಡಕಾವ್ಯಗಳ (Epic Fragments) ಸಂಯೋಜಿತ ಕೃತಿಯಾಗಿದ್ದು, 'ಗೊಲ್ಗೊಥಾ' ಯೇಸುವಿನ ಶಿಲುಬೆಗೇರಿಸುವಿಕೆಯ ಕಥೆಯಾದರೆ, 'ವೈಶಾಲಿ'ಯು ಬುದ್ಧನ ಕಾಲದ ಘಟನೆಗಳನ್ನು ಆಧರಿಸಿದೆ, ಇವೆರಡೂ ಪೈಗಳ ಸಾಹಿತ್ಯ ಸಾಧನೆಯನ್ನು ಎತ್ತಿ ತೋರಿಸುತ್ತವೆ | ||
| 563 | _aPB | ||
| 650 |
_aKannada Poetry _9248906 |
||
| 942 |
_2ddc _cBK |
||
| 999 |
_c180115 _d180115 |
||